00547nam a2200181 a 450000100060000000300090000600800410001502000150005604000280007108200160009911000960011524500310021126000300024230000200027249000240029265000230031665000260033912509CO-ViMGA141112s2004 ck r 000 u spa d a8485945050 aCO-ViMGAbspacCO-ViMGA04a371.73 A76e aAsociación de Licenciados en Educación Física de la Universidad Católica de Lovaina10aEducación fisica de Base aMadrid : bGymnos, c1987 a137p. : il. 3V. aDosier pedagógico14aeducación FISICA14aESTUDIO Y ENSEÑANZA